00741 a2200229 450000500170000000800410001702000150005804000500007304100080012324500890013126000370022030000180025749000320027565000160030765000480032370000180037170000360038970000200042570000200044570000170046576500290048220180312143026.0131019s1997 ck ||||gr|||| 00| 0 spa d a9580433933 aCO-BoUCMbspacJose A. GerenadJose A. Gerena00aspa00aCuentos de terror 2cJill Bennett... [y otros] ; traducción de Magdalena Holguín c1997bNormaaBogotá (Colombia) a135 páginas aTorre de papelaTorre verde 7aLiteratura  7aCuentos de terror xColecciones de escritos1 aBennett, Jill1 aHolguín, Magdalenaetraductor1 aKilworth, Garry1 aKrailing, Tessa1 aPrice, Susan1 tHaunting christmas tales